| 000 | 00631cam a2200229 4500500 | ||
|---|---|---|---|
| 005 | 20260329004751.0 | ||
| 041 | _afre | ||
| 042 | _adc | ||
| 100 | 1 | 0 |
_aOrtoli, Sven _eauthor |
| 245 | 0 | 0 | _aSilence, ça mousse ! |
| 260 | _c2021. | ||
| 500 | _a36 | ||
| 690 | _aBiodiversité | ||
| 690 | _aCroissance | ||
| 690 | _alichen | ||
| 690 | _aMichael Marder | ||
| 690 | _aNature | ||
| 690 | _aPlante | ||
| 690 | _aVégétal | ||
| 786 | 0 | _nPhilosophie magazine | 147 | 3 | 2021-03-01 | p. 25-26 | 1951-1787 | |
| 856 | 4 | 1 | _uhttps://shs.cairn.info/magazine-philosophie-magazine-2021-3-page-25?lang=fr&redirect-ssocas=7080 |
| 999 |
_c1837090 _d1837090 |
||